000 00764nam a2200265 a 4500
999 _c8860
_d8860
001 8860
003 BD-JhCC
005 20180305104456.0
008 860916s1987 ilua b 001 0 eng
020 _a0870949012
035 _a(BD-JhCC)8860
040 _aDLC
_cDLC
_dDLC
_dBD-JhCC
041 _aeng
050 0 0 _aHF5718.3
_b.H65 1987
082 0 0 _a651.7/4
_219
_bHOL 1987
100 1 _aHoltz, Herman.
245 1 4 _aThe business writing problem solver :
_binstant solutions for every business /
_cHerman R. Holtz.
260 _aHomewood, Ill. :
_bDow Jones-Irwin,
_cc1987.
300 _axii, 235 p. :
_bill. ;
_c29 cm.
500 _aIncludes index.
504 _aBibliography: p. 229-232.
650 0 _aBusiness writing.
942 _2ddc
_cBK